00807nam a2200181 a 450000100100000000500170001000800410002704000250006810000260009324500460011924600950016526000410026030000210030150000700032295201050039295201110049799900170060800004425820201002045241.0140611s2005 dr 000 0 spa d aDO-SdBNPbspacBNPHU1 aValdez, Carlos97226313aLa rotonda del infierno /aCarlos Valdez.14aLa rotonda del infierno :bterror, supenso y drama en un nuevo estilo de novela dominicana aSanto Domingo :bLa Escalera,c2005. a351 p. ;c22 cm. aIncluye datos biográficos del autor en la solapa de la cubierta 0010718PDaPDbPDcCTd2014-06-11iLF1l0o p44258-10r2020-06-25w2020-06-25yLFPDZNo se presta 0010718PDaPDbPDcCTd2014-06-11iLF1l0o p44258-20r2020-06-25te. 2w2020-06-25yLFPDZNo se presta c43747d43747